| 000 | 00546nam a2200205Ia 4500 | ||
|---|---|---|---|
| 003 | OSt | ||
| 005 | 20240920162737.0 | ||
| 008 | 210210b2007 xxu||||| |||| 00| 0 eng d | ||
| 040 | _cAL | ||
| 041 | _aKannada | ||
| 082 | _aK894.8 KANB | ||
| 100 |
_aKAMALA HAMPANA _dಕಮಲಾ ಹಂಪನಾ _9179818 |
||
| 245 |
_aBombala _bಬೊಂಬಾಲ |
||
| 260 |
_aHampi _bKannada Vishvavidyalaya Hampi _c2007 |
||
| 300 | _axii,328 | ||
| 650 |
_aBombala _9179819 |
||
| 690 |
_aKannada Miscellaneous _9179820 |
||
| 906 | _a062618 | ||
| 942 |
_2ddc _cBK |
||
| 999 |
_c117847 _d117847 |
||